000 00836cam a2200265 a 4500
008
020 _a0521561051 (hbk.)
049 _aMAIN
090 _aTA418.14
100 1 _aNieh, T. G.
245 1 0 _aSuperplasticity in metals and ceramics /
_cT.G. Nieh, J. Wadsworth, O.D. Sherby.
260 _aCambridge :
_bCambridge University Press,
_c1997.
300 _axiv, 273 p. :
_bill. ;
_c26 cm.
440 0 _aCambridge solid state science series
504 _aIncludes bibliographical references.
650 0 _aSuperplasticity.
650 0 _aCeramic materials
_xPlastic properties.
700 1 _aWadsworth, Jeffrey.
700 1 _aSherby, Oleg D.
907 _a.b10001608
_b09-01-06
_c17-04-03
003
005 20230123134036.0
040 _cNUST
942 _cBOOKS
_kTA418.14
999 _c159016
_d159016